Statystyki dla Wszystkie smaki Zbyszko 3 owoce

Kliknij tutaj aby rozwiązać quiz!

Ogólne statystyki

  • Ten quiz został rozwiązany 18 razy
  • Średni wynik to 5 z 12

Statystyki odpowiedzi

PodpowiedźSmaki% Poprawnych
Trzy...Cytryny
100%
Trzy...Pomarańcze
92%
Trzy...Grejpfruty
62%
Trzy...Limonki
54%
OranżadaOranżada czerwona
38%
OranżadaOranżada żółta
31%
-Kiwi
23%
-Truskawka
23%
Trzy...Czerwone pomarańcze
15%
-Gruszka
15%
-Tonic
15%
-Cocktail witaminowy
0%

Rozkład punktacji

Percentyl według liczby udzielonych odpowiedzi

Procent ludzi z każdym wynikiem

Twoja historia wyników

Nie rozwiązałeś tego quizu